Bezpečnosť a ochrana zdravia pri práci - nové nariadenie

Vymedzenie pojmu bezpečnosť a ochrana zdravia pri práci. Všeobecné zásady a právna úprava. Zdravotná starostlivosť o zamestnancov. Praktické príklady.

Guardado en:
Detalles Bibliográficos
Autor principal: Mintál, Ján
Formato: Capítulo de libro
Lenguaje:eslovaco
Materias:
Etiquetas: Agregar Etiqueta
Sin Etiquetas, Sea el primero en etiquetar este registro!

MARC

LEADER 00000naa a2200000 4500
001 r046676
005 20231002123623.1
041 0 |a slo 
044 |a SK 
245 1 0 |a Bezpečnosť a ochrana zdravia pri práci - nové nariadenie  |c Ján Mintál 
520 |a Vymedzenie pojmu bezpečnosť a ochrana zdravia pri práci. Všeobecné zásady a právna úprava. Zdravotná starostlivosť o zamestnancov. Praktické príklady. 
610 2 0 |a bezpečnosť práce 
610 2 0 |a ochrana zdravia 
610 2 0 |a úpravy právne 
610 2 0 |a starostlivosť zdravotná 
610 2 0 |a Slovensko 
100 1 |a Mintál, Ján